O jaki odcinek "Miodowych lat" chodzi? - Statystyki

Ogólne statystyki
  • Ten quiz został rozwiązany 167 razy
  • Średni wynik to 9 z 15
Statystyki odpowiedzi
Hint Odpowiedź % Poprawnych
Tytuł tego odcinka zawiera nazwę części ciała: Głowa rodziny | Mocne plecy | Dzikość serca | Płyn na porost włosów | Nowa twarz | Język ciała
86%
W tym odcinku serialu możemy zobaczyć zwierzę: Pieskie życie | Azor | Mikołajki
85%
W tym odcinku Karol planuje podjąć działanie dotyczące polityki: Partia | Nowa twarz
83%
Tytuł tego odcinka zawiera słowo określające członka rodziny: Witaj mamo | Mój braciszek Karol | Opiekunka do dziecka | Ciocia Jadzia | Ciotka z Ameryki | Wewnętrzne dziecko
82%
Tytuł tego odcinka zawiera słowo "idol" (może być odmienione lub pochodzące od tego słowa): Idol | Dola idola
81%
Tytuł tego odcinka zawiera słowo "szef" (może być odmienione lub pochodzące od tego słowa): List do szefa | Szefowa z kanałów
81%
Tytuł tego odcinka zawiera dokładnie jedno słowo: Golfista | Awans | Eksmisja | Lunatyk | Safari | Menadżer | Idol | Napad | Wróżka | Ochroniarze | Mikołajki | Egzorcysta | Partia | Kanalersi | Krzyżacy | Azor | Remont | Copywriterzy | Medium | Mysz | Zbyszek | Informator | Koh-I-Noor | Wywiadówka | Baca | SMS | Alegria | Strajk
77%
W tym odcinku pojawia się Pamela Marszałek: SMS | Wielki szmal | Salon masażu | Jajeczko Fabergé | Alina i blondyna | Business lunch | Azor | Krzyżacy
77%
Tytuł tego odcinka zawiera słowo "miłość" (może być odmienione lub pochodzące od tego słowa): Miłość jest ślepa | List miłosny
76%
W tym odcinku pojawia się tata Alinki: Pieśń strudzonego renifera | Romeo z W(e)ronek | Język ciała
74%
Ten odcinek pochodzi z pierwszego sezonu serialu: Żywe zwłoki | List do szefa | Głowa rodziny | Kucharz przyszłości | Kto PIT-a, nie błądzi | Witaj mamo | Robot kuchenny | Mocne plecy | Golfista | Ptak na parapecie | Na nowej drodze życia | Karol Krawczyk S.A | Przed pierwszą gwiazdką.
74%
W tym odcinku Karol przebrany jest za nie-człowieka: Kolędnicy | Przybysz z kosmosu | Pieśń strudzonego renifera
72%
Tytuł tego odcinka zawiera słowo "list": List do szefa | List z Nigerii | List miłosny
72%
W tym odcinku pojawia się ciocia Jadzia: Ciocia Jadzia | Karolashimaru Krawczykobono | Wieczór we dwoje
71%
W tym odcinku pojawia się inspektor Kopek: Tajny szyfr | Jajeczko Fabergé | Partia | Azor | Mecz derbowy
71%
Tytuł ten zawiera ludzkie imię: Karol Krawczyk S.A. | Mój braciszek Karol | Alina i blondyna | Ciocia Jadzia | Karol "Bombowiec" Krawczyk | Bjorn Bergenstrup | Tadzio Krawczyk i Karol Norek | Romeo z W(e)ronek | Zbyszek
70%
W tym odcinku pojawia się postać realna, grana przez samą siebie: Zbyszek | Doła idola | Karol "Bombowiec" Krawczyk | KiT Show
70%
Tytuł tego odcinka zawiera wyraz bliskoznaczny do słowa "pieniądze": Lewa forsa | Wielki szmal
67%
W odcinku tym pokazany jest prawdziwy samochód: Na ryby | Podwójne ubezpieczenie
67%
Tytuł tego odcinka zawiera słowo "ubezpieczenie": Ubezpieczenie na życie | Podwójne ubezpieczenie
67%
Tytuł tego odcinka zawiera nazwę jakiegoś konkretnego obszaru geograficznego (miasta, kraju, kontynentu, itd.): Ciotka z Ameryki | List z Nigerii | Mikołajki | Cypryjski łącznik
64%
W tym odcinku Karol pojawił się w telewizji, konkretnym programie telewizyjnym lub był nagrywany w tym celu: Ukryte kamery | Przepraszam cię | Kucharz przyszłości | Odpowiedź za 99.000 zł | Fatum, Los, Przeznaczenie | Gwiazda reklamy | Dola idola | Medium | Kwartet egzotyczny | Kit Show | Strajk
64%
W tym odcinku Tadzio trafia do szpitala: Metoda X | Wspaniały kumpel
63%
Tytuł tego odcinka zawiera słowo "młody" (może być odmienione lub pochodzące od tego słowa) Obiecujący młody człowiek | Wiecznie młodzi
63%
W tym odcinku pojawia się pani Obrochtowa lub słychać jej głos: Odpowiedź za 99.000 zł | Safari
63%
W tym odcinku Karol próbuje kogoś zeswatać: Rendez-vous w ciemno | Ciocia Jadzia
62%
W tym odcinku Karol kupił posiadłość (mieszkanie, dom, budkę, itp.): Bar szybkiej obsługi | Leśne zacisze
61%
W tym odcinku Karol trenuje sport, który polega na biciu innych: Karolashimaru Krawczykobono | Karol "Bombowiec" Krawczyk
60%
Ten odcinek, w nazwie, zawiera znak interpunkcyjny: Kto PIT-a, nie błądzi | Karol Krawczyk S.A. | Odpowiedź za 99.000 zł | Fatum, Los, Przeznaczenie | Karol "Bombowiec" Krawczyk | Rendez-vous w ciemno | Romeo z W(e)ronek | Koh-I-Noor | Ale kino! | Lepsze życie.pl
59%
Tytuł tego odcinka składa się z przynajmniej 4 słów: Kto PIT-a, nie błądzi | Na nowej drodze życia | Odpowiedź za 99.000 zł | TV or not TV | Płyn na porost włosów | Mordercy są wśród nas | Tadzio Krawczyk i Karol Norek | Jedyny w swoim rodzaju | Bardzo białe Boże Narodzenie
59%
Tytuł tego odcinka zawiera mniej niż 6 znaków: Awans | Napad | Idol | Azor | Mysz | Baca | SMS
58%
W tym odcinku występuje syn pana Artura Barcisia: Opiekunka do dziecka | Bjorn Bergenstrup
57%
W odcinku śpiewana jest piosenka specjalnie do niego napisana: Pieśń strudzonego renifera | Mecz derbowy | Kanalersi | Copywriterzy | Honor Albatrosa | Nowy hymn | Kwartet egzotyczny | KiT Show | Męski ideał | Kolędnicy | Kuzguwu Boski Dynamit
56%
Tytuł tego odcinka zaczyna się na literę "S": Smak wolności | Sierżant roku | Sprawa wielkiej wagi | Safari | Szczęśliwe pudełka | Sprawa dla detektywa | Szefowa z kanałów | Salon masażu | Strajk | Supermarket
56%
Ten odcinek pochodzi z siódmego sezonu serialu: Kanalersi | Wieczór we dwoje | Krzyżacy | Azor | Jajeczko Fabergé | Ukryte kamery | Kuzguwu Boski Dynamit | Odmienne stany świadomości | Remont | Mister uprzejmości | Szefowa z kanałów | Copywriterzy | Jedyny w swoim rodzaju | Miłość jest ślepa | List z Nigerii | Honor Albatrosa | Nowy hymn | Bardzo białe Boże Narodzenie
55%
Tytuł tego odcinka zawiera słowa z języka innego niż polski, które nie zostały wymyślone na rzecz serialu i nie są imionami: TV or not TV | Business lunch | Rendez-vous w ciemno | Jajeczko Fabergé | Copywriterzy | KiT Show | Koh-I-Noor |
52%
W tym odcinku któraś z głównych postaci ma urodziny: Niespodzianka urodzinowa | Zbyszek |
50%
Ten odcinek miał premierę 25 grudnia: Pieśń strudzonego renifera | Cypryjski łącznik | Wewnętrzne dziecko | Bardzo białe Boże Narodzenie
50%
W tym odcinku Karol sądzi, że Alinka jest w ciąży: Lepsze życie.pl | Odmienny stan
48%
W tym odcinku do mieszkania w kamienicy wprowadza się nowa osoba: Dzikość serca | Wspólny wróg
47%
Ten odcinek pochodzi z szóstego sezonu serialu: Język ciała | Rendez-vous w ciemno | Bar szybkiej obsługi | Eksperyment medyczny | Partia | Krawczyk przeciwko Norkowi | Bjorn Bergenstrup | Egzorcysta | Tadzio Krawczyk i Karol Norek | Mordercy są wśród nas | Mikołajki | Walka płci | Romeo z W(e)ronek | Wewnętrzne dziecko
47%
Ten odcinek pochodzi z czwartego sezonu serialu: Gwiazda reklamy | Wariackie papiery | Safari | List miłosny | Wielkie manewry | W pułapce | Menadżer | Leśne zacisze | Business lunch | Telefon do dozorcy | Ciocia Jadzia | Idol | Obiecujący młody człowiek | Napad
45%
Ten odcinek pochodzi z piątego sezonu serialu: Koniec świata | Płyn na porost włosów | Karol "Bombowiec" Krawczyk | Mecz derbowy | Szczęśliwe pudełka | Awans | Wróżka | Ochroniarze | Sprawa dla detektywa | Metoda X | Ubezpieczenie na życie | Rodzina patologiczna | Przepraszam cię | Cypryjski łącznik
43%
Ten odcinek pochodzi z dziewiątego sezonu serialu: Wywiadówka | Wspólny wróg | Trup w szafie | Baca | Kit Show | SMS | Tajny szyfr | Alergia | Strajk | Męski ideał | Ziarnko do ziarnka | Pokerowa zagrywka | Mur czyli zemsta | Kolędnicy | Supermarket | Lepsze życie.pl
42%
Ten odcinek pochodzi z drugiego sezonu serialu: Niespodzianka urodzinowa | Awans | Sierżant roku | Pieskie życie | Lewa forsa | Eksmisja | Odpowiedź za 99.000 zł | Mój braciszek Karol | Lunatyk | Smak wolności | Przybysz z kosmosu | Wspaniały kumpel | Magia sceny
40%
W tym odcinku Karol podejmuje pracę powiązaną z kamienicą, w której mieszka: Mysz | Ochroniarze | Telefon do dozorcy
39%
Tytuł ten dotyczy dwóch różnych odcinków serialu: Awans
38%
Ten odcinek pochodzi z trzeciego sezonu serialu: Decydujący głos | TV or not TV | Odmienny stan | Męska duma | Dzikość serca | Opiekunka do dziecka | Duży miś | Wielka szansa | Na ryby | Fatum, Los, Przeznaczenie | Sprawa wielkiej wagi | Alina i blondyna | Wiecznie młodzi | Pieśń strudzonego renifera
35%
Ten odcinek pochodzi z ósmego sezonu serialu: Salon masażu | Karolashimaru Krawczykobono | Ciotka z Ameryki | Koh-I-Noor | Ale kino! | Informator | Nowa twarz | Zbyszek | Mysz | Dola idola | Zjazd absolwentów | Medium | Wielki szmal | Kwartet egzotyczny | Podwójne ubezpieczenie
32%
W tym odcinku cytowana jest polska poezja: Obiecujący młody człowiek | Romeo z W(e)ronek
25%
Nie znaleziono quizów pasujących do podanych kryteriów
Rozkład punktacji
Procent ludzi z każdym wynikiem
Percentyl według liczby udzielonych odpowiedzi
Twoja historia wyników
Nie rozwiązałeś tego quizu